000 00488nam a2200205Ia 4500
005 20250425162447.0
008 250425s9999 xx 000 0 und d
020 _a0521341507
041 _aeng
082 _a639.311
100 _aHEPHER, BALFOUR
245 0 _aNUTRITION OF POND FISHES
250 _aS.E.
260 _aEstados Unidos
_bCAMBRIDGE UNIVERSITY PRESS
_c1990
260 _aNEW YORK
300 _a388
650 _aPECES-HISTOLOGIA
942 _c01
010 _a75587
999 _c229685
_d229685